months in greek - Statistics

General Stats
  • This quiz has been taken 14 times
  • The average score is 10 of 13
Answer Stats
Hint Answer % Correct
Jan ιανουάριος
100%
Feb φεβρουάριος
100%
March μάρτιος
100%
April απρίλιος
100%
May Μάιος
100%
June Ιούνιος
100%
July Ιούλιος
100%
August Άυγουστος
67%
Sept Σεπτέμβριος
67%
Oct Οκτώβριος
67%
November Νοέμβριος
67%
December Δεκεμβριος
33%
Months Μινας
0%
No matching quizzes found
Score Distribution
Percent of People with Each Score
Percentile by Number Answered
Your Score History
You have not taken this quiz